00586nam a2200181 i 450000100060000000300090000600500170001500700030003200800410003510000290007624500610010525000150016626000310018130000210021285200320023399900170026595201220028287826ES-MaACL20230906175739.0t|041223s1969 sp ||||1| spa d1 aLacasa, Cristina.96933510aEncender los olivos como lámparas / cCristina Lacasa. a[1ª ed.]. aMadrid : bAgora, c[1969] a82 p. ; c21 cm. aES-MaACLjC-36435 bR.69844 c87826d87826 00104070aATENEOMbATENEOMcDEPO2d2008-01-17eSCl0oC-36435p1091748r2023-02-23 00:00:00w2023-02-23yMONOGRAFIA